000 00744nam a22002417a 4500
001 376144
003 DO-SdBNP
005 20180122111638.0
007 376144
008 931124s1993 sp | |||| ||spa
016 7 _2BPMSU
020 _a8481300152
040 _aBPMSU
_bspa
_cBPMSU
100 2 _aTorrente Ballester, Gonzalo
_d1910-1999
245 1 4 _aLos cuadernos de un vate vago /
_cGonzalo Torrente Ballester
260 _aBarcelona :
_bPrimera Plana,
_c1993
300 _a96 p.:
_c21 cm
490 _aGrandes autores. Biblioteca de literatura universal
830 _pGrandes autores. Biblioteca de literatura universal
_v10
942 _2ddc
_cBK
945 _aInventariado,2018/MFF
956 _aVMATEO
_210
_320151119
_6BPMSU
_800151
999 _c8805
_d8805